[Event "ITA-ch U20"]
[Site "Tarvisio"]
[Date "2023.07.09"]
[Round "9"]
[White "Aimone, Andrea"]
[Black "Paduano, Claudio"]
[Result "0-1"]
[WhiteElo "1942"]
[BlackElo "2211"]
[PlyCount "82"]
[EventDate "2023.07.02"]
[EventType "swiss"]
[EventRounds "9"]
[EventCountry "ITA"]
[SourceTitle "EXT 2024"]
[Source "ChessBase"]
[SourceDate "2023.10.10"]
[SourceVersion "1"]
[SourceVersionDate "2023.10.10"]
[SourceQuality "1"]

1. e4 c5 2. Nf3 Nc6 3. d4 cxd4 4. Nxd4 Nf6 5. Nc3 e5 6. Ndb5 d6 7. Bg5 a6 8. Na3 b5 9. Nd5 Be7 10. Bxf6 Bxf6 11. c3 Bg5 12. Nc2 0-0 13. a4 bxa4 14. Rxa4 a5 15. Bc4 Rb8 16. b3 Kh8 17. Nce3 g6 18. 0-0 f5 19. Qd3 f4 20. Nc2 f3 21. g3 h5 22. Rd1 h4 23. Nde3 Rb7 24. Qd5 Rc7 25. Raa1 Rf6 26. Qb5 hxg3 27. hxg3 Bd7 28. Nd5 Ne7 29. Qxa5 Nxd5 30. Qxd5 Qf8 31. Ra8 Bc8 32. Kf1 Rc5 33. Qd3 Bh3+ 34. Ke1 Qxa8 35. b4 Rc7 36. Ra1 Qc8 37. Ba6 Qe6 38. b5 Qb3 39. Nd4 exd4 40. Rb1 Qxc3+ 41. Qxc3 dxc3 0-1

[Event "ITA-ch U20"]
[Site "Tarvisio"]
[Date "2023.07.06"]
[Round "5"]
[White "Pegno, Mattia"]
[Black "Aimone, Andrea"]
[Result "0-1"]
[WhiteElo "2241"]
[BlackElo "1942"]
[PlyCount "66"]
[EventDate "2023.07.02"]
[EventType "swiss"]
[EventRounds "9"]
[EventCountry "ITA"]
[SourceTitle "EXT 2024"]
[Source "ChessBase"]
[SourceDate "2023.10.10"]
[SourceVersion "1"]
[SourceVersionDate "2023.10.10"]
[SourceQuality "1"]

1. d4 d5 2. c4 e6 3. Nf3 c6 4. Qc2 Nf6 5. Bg5 Be7 6. e3 Nbd7 7. Nbd2 0-0 8. Bd3 h6 9. Bh4 b6 10. 0-0 Bb7 11. Rfd1 c5 12. Rac1 Rc8 13. Qb1 cxd4 14. Nxd4 Nc5 15. Be2 Nfe4 16. Bxe7 Qxe7 17. Nxe4 Nxe4 18. cxd5 Rxc1 19. Rxc1 Bxd5 20. Qc2 Nd6 21. Ba6 Qg5 22. f4 Qf6 23. Nb5 Be4 24. Qc3 Qg6 25. Qd2 Nf5 26. Re1 Nh4 27. Qf2 Nxg2 28. Kf1 Nxe1 29. Kxe1 Bd3 30. a4 Rd8 31. Qg3 Qe4 32. Qh4 Qxe3+ 33. Kd1 Qe2+ 0-1

[Event "ITA-ch U20"]
[Site "Tarvisio"]
[Date "2023.07.04"]
[Round "3"]
[White "Barbetti, Raul"]
[Black "Aimone, Andrea"]
[Result "0-1"]
[WhiteElo "1558"]
[BlackElo "1942"]
[PlyCount "47"]
[EventDate "2023.07.02"]
[EventType "swiss"]
[EventRounds "9"]
[EventCountry "ITA"]
[SourceTitle "EXT 2024"]
[Source "ChessBase"]
[SourceDate "2023.10.10"]
[SourceVersion "1"]
[SourceVersionDate "2023.10.10"]
[SourceQuality "1"]

1. e4 c5 2. Nc3 a6 3. g3 b5 4. Bg2 Bb7 5. d3 Nc6 6. Be3 e6 7. Nf3 Qc7 8. 0-0 d6 9. d4 cxd4 10. Nxd4 Nf6 11. Re1 Be7 12. f4 Rc8 13. Rc1 Na5 14. e5 dxe5 15. fxe5 Nd7 16. Bxb7 Qxb7 17. Qg4 g6 18. Qf4 Nc4 19. Rf1 0-0 20. b3 Nxe3 21. Qxe3 Qc7 22. Ne4 Qxe5 23. Rce1 Nc5 24. Qf3 0-1